Logo BPK

Biblioteka

Politechniki Koszalińskiej

Oddziaływanie między fundamentami rusztowymi budowli a podłożem górniczym / (Rekord nr 23595)

Szczegóły MARC
000 -ETYKIETA REKORDU
podpole kontrolne o stałej długości 00727nam a2200205 i 4500
001 - NUMER KONTROLNY REKORDU
pole kontrolne bg
020 ## - MIĘDZYNARODOWY ZNORMALIZOWANY NUMER KSIĄŻKI - ISBN
ISBN 8304025868
040 ## - ŹRÓDŁO KATALOGOWANIA
Instytucja, która utworzyła rekord BPK
041 ## - KOD JĘZYKA
Kod języka tekstu pol
080 ## - UNIWERSALNA KLASYFIKACJA DZIESIĘTNA - UKD
UKD 622.8:624.13
920 ## - Międzynarodowy znormalizowany numer książki – ISBN
ISBN 83-04-02586-8
008 - POLE O STAŁEJ DŁUGOŚCI - DANE KONTROLNE
podpole kontrolne o stałej długości s pl f |000 0 pol
100 1# - NAZWA OSOBOWA
Nazwa osobowa GIL-KLECZEŃSKA, Barbara
245 #0 - TYTUŁ/ODPOWIEDZIALNOŚĆ
Tytuł Oddziaływanie między fundamentami rusztowymi budowli a podłożem górniczym /
Pozostałe elementy strefy tytułu i oznaczenia odpowiedzialności Barbara Gil-Kleczeńska, Jerzy Kwiatek ; Polska Akademia Nauk. Oddział w Katowicach. Komisja Ochrony Terenów Górniczych.
260 ## - STREFA ADRESU WYDAWNICZEGO
Miejsce wydania Wrocław [i in.] :
Nazwa wydawcy/dystrybutora Zakład Narodowy im. Ossolińskich,
Data publikacji, dystrybucji/powstania dokumentu 1987.
300 ## - STREFA OPISU FIZYCZNEGO
Objętość 152 s. :
Inne cechy fizyczne rys., wykr. ;
Rozmiary 24 cm.
504 ## - UWAGA DOTYCZĄCA BIBLIOGRAFII
Informacje o bibliografii Bibliogr. s. 146-152.
700 1# - HASŁO DODATKOWE - NAZWA OSOBOWA
Nazwa osobowa KWIATEK, Jerzy
856 ## - LOKALIZACJA I DOSTĘP DO ELEKTRONICZNYCH DOKUMENTÓW ZDALNYCH
Link (URL) http://koha.tu.koszalin.pl/cgi-bin/koha/opac-detail.pl?biblionumber=23595
Tekst linku Katalog online BPK
942 ## - DODATKOWE ELEMENTY (KOHA)
Typ dokumentu Książka
Egzemplarze
Wycofany Status egzemplarza Uszkodzony Dostępność Lokalizacja stała Lokalizacja bieżąca Miejsce przechowywania Sygnatura Kod kreskowy Ostatnio wypożyczono Typ dokumentu
      Dostępny Biblioteka Politechniki Koszalińskiej Biblioteka Politechniki Koszalińskiej Wypożyczalnia BG 33751 01587036 12.02.2013 Książka
© 2023 Biblioteka Politechniki Koszalińskiej :: KOHA